000 00797nam a2200241Ia 4500
003 OSt
005 20220925215503.0
006 a|||||r|||| 00| 0
007 ta
008 220923b |||||||| |||| 00| 0 eng d
020 _a1850653607
_c1030.71
037 _bRKBA\08-09\3629, 09/02/2009, RAJKIRAN BOOK AGENCY
_cGeneral Book
040 _aRTL
_cRTL
_beng
041 _2eng
_aeng
082 _aY9(Q:3).491.N8, N8/TD
100 _aMaley William
_9282928
245 0 _aFundamentalism reborn
_b Afghanistan and the Taliban.
260 _aLondon
_bHurst & Co.
_c1998
300 _axvii, 253p.
_ccm.
650 _aSociology
942 _hY9(Q:3).491.N8, N8/TD
_cGB
_2CC
999 _c568900
_d568900